00610nam a2200157 a 450000500170000000800410001702000180005805000260007610000170010224500860011926000540020530000180025965000320027799900190030995201240032820140412111258.0020530s19uu xx 00 eng d a0-590-49142-3 aTR(GS 372.4bD84 1991 aDrutman, Ava a150 surefire ways to keep reading all year! /cby Ava Drutman and Dianne Houston. aNew York :bScholastic Professional Books,c1991. a112 p. ; ill. aReadingxStudy and teaching c103262d103262 001040aELbELcTRd2002-05-30eLib. Fundg377.00l0oTR(GS 372.4 D84 1991pE4187r2014-04-12 00:00:00w2014-04-12yBK